STATISTICS FOR ECONOMICS (Record no. 19023)

MARC details
000 -LEADER
fixed length control field 00244nam a22001217a 4500
003 - CONTROL NUMBER IDENTIFIER
control field SGT
082 ## - DEWEY DECIMAL CLASSIFICATION NUMBER
Classification number 370
Item number SHA
100 ## - MAIN ENTRY--PERSONAL NAME
Personal name SHAH, N.M
245 ## - TITLE STATEMENT
Title STATISTICS FOR ECONOMICS
260 ## - PUBLICATION, DISTRIBUTION, ETC. (IMPRINT)
Place of publication, distribution, etc DELHI
Name of publisher, distributor, etc ARYA
Year of Publication 2018
300 ## - PAGE DESCRIPTION
No. of Pages 406
942 ## - ADDED ENTRY ELEMENTS (KOHA)
Source of classification or shelving scheme Dewey Decimal Classification
Koha item type Books
Holdings
Withdrawn status Lost status Source of classification or shelving scheme Damaged status Not for loan Collection code Home library Current library Date acquired SGTU Total Checkouts Full call number Accession No. (Barcode) Date last seen Date last borrowed Bill Date Koha item type
    Dewey Decimal Classification     EDUCATION SGT Engineering Library SGT Engineering Library 05/09/2019 SGTU 2 370 SHA ED4308 07/11/2019 06/11/2019 05/09/2019 Books